Comparative Youth Culture : The Sociology of Youth Cultures and Youth Subcultures in America, Britain and Canada /
Estudio comparativo de las subculturas juveniles en Inglaterra, Canadá y Estados Unidos como respuesta problemas sociales vividos de manera colectiva, siendo el desempleo el mayor de ellos. Se comparan las culturas minoritarias con las identidades colectivas que de ellas se derivan, para mostar cómo...
I tiakina i:
| Kaituhi matua: | |
|---|---|
| Hōputu: | Pukapuka |
| Reo: | Ingarihi |
| I whakaputaina: |
Londres, Inglaterra :
Routledge,
1985, c1985
|
| Ngā marau: | |
| Ngā Tūtohu: |
Kāore He Tūtohu, Me noho koe te mea tuatahi ki te tūtohu i tēnei pūkete!
|
MARC
| LEADER | 00000nam^a2200000^a^4500 | ||
|---|---|---|---|
| 001 | 000139558 | ||
| 005 | 20250521000000.0 | ||
| 009 | 20260310095508.31 | ||
| 020 | |a 0-415-05108-8 | ||
| 037 | |a Acervo ITESO - Biblioteca | ||
| 041 | |a ING | ||
| 082 | |a 306. 4 |b BRA | ||
| 100 | |a Brake, Michael |e (autor) | ||
| 245 | 1 | 0 | |a Comparative Youth Culture : |b The Sociology of Youth Cultures and Youth Subcultures in America, Britain and Canada / |c M. Brake. |
| 264 | 4 | |a Londres, Inglaterra : |b Routledge, |c 1985, c1985 | |
| 300 | |a X, 228 p. | ||
| 336 | |a texto |b txt |2 rdacontenido | ||
| 337 | |a sin mediación |b n |2 rdamedio | ||
| 338 | |a volumen |b nc |2 rdasoporte | ||
| 520 | |a Estudio comparativo de las subculturas juveniles en Inglaterra, Canadá y Estados Unidos como respuesta problemas sociales vividos de manera colectiva, siendo el desempleo el mayor de ellos. Se comparan las culturas minoritarias con las identidades colectivas que de ellas se derivan, para mostar cómo definen los individuos sus propias identidades más allá de los límites impuestos por las clases sociales, educación u ocupación. | ||
| 649 | |a XX | ||
| 650 | |a Jóvenes - |z EUA - |x Condiciones Sociales y Culturales | ||
| 650 | |a Jóvenes - |z EUA - |x Condiciones Económicas | ||
| 650 | |a Jóvenes - |z Inglaterra - |x Condiciones Sociales y Culturales | ||
| 650 | |a Jóvenes - |z Inglaterra - |x Condiciones Económicas | ||
| 650 | |a Jóvenes - |z Canadá - |x Condiciones Sociales y Culturales | ||
| 650 | |a Jóvenes - |z Canadá - |x Condiciones Económicas | ||
| 650 | |a Mujeres - |z EUA - |x Condiciones Sociales y Culturales | ||
| 650 | |a Mujeres - |z EUA - |x Condiciones Económicas | ||
| 650 | |a Mujeres - |z Inglaterra - |x Condiciones Sociales y Culturales | ||
| 650 | |a Mujeres - |z Inglaterra - |x Condiciones Económicas | ||
| 650 | |a Mujeres - |z Canadá - |x Condiciones Sociales y Culturales | ||
| 650 | |a Mujeres - |z Canadá - |x Condiciones Económicas | ||
| 650 | |a Grupos Etnicos | ||
| 650 | |a Identidad Cultural | ||
| 650 | |a Contracultura | ||
| 650 | |a Diferencia y Otredad | ||
| 650 | |a Diversidad Cultural | ||
| 650 | |a Empleo y Desempleo | ||
| 650 | |a Delincuencia Juvenil | ||
| 650 | |a Conflicto Intergeneracional | ||
| 650 | |a Problemas Sociales | ||
| 650 | |a Relaciones Intergénero | ||
| 650 | |a Género | ||
| 650 | |a Movimientos de Homosexuales | ||
| 650 | |a Movimientos Sociales | ||
| 650 | |a Sociedad Postindustrial | ||
| 650 | |a Prácticas Culturales | ||
| 650 | |a Antropología Cultural | ||
| 650 | |a Sociología de la Cultura | ||
| 910 | |a Fondo General | ||
| 920 | |a Impresos - Libros | ||
| 930 | |a Colección General | ||
| 905 | |a 101 | ||
| 901 | |a 0500067241 |b IT1 |c ACC |u 20250521 | ||
| 902 | |a https://opac.biblio.iteso.mx/vufind/Record/000139558 | ||